La réponse est une lettre grecque - Statistiques

Statistiques générales
  • Ce quiz a été pris 1 358 fois
  • Le résultat moyen est 9 sur 14
Statistiques - réponses
Indice Lettre % Correct
Environ 3,14 Pi π
95%
Bête, stupide Bêta β
91%
Loup mâle chef de la meute Alpha α
85%
Dit de quelqu'un qui ne porte pas de vêtements Nu ν
81%
Embouchure d'un fleuve Delta δ
77%
Nom du président chinois Xi χ
67%
Rayon électromagnétique Gamma γ
66%
Symbole de la France Insoumise Phi φ
59%
Banal, sans intérêt Lambda λ
52%
Montre de luxe suisse Omega Ω
52%
Symbolise la somme en maths Sigma Σ
48%
Variant du Covid-19 à la propagation rapide Omicron ο
40%
Petite quantité négligeable, presque rien Iota ι
35%
Marque de sport Kappa κ
27%
Aucun quiz correspondant
Distribution des résultats
% des personnes avec chaque résultat
Percentile par nombre de réponses
Votre historique - résultats
Vous n’avez pas pris ce quiz